[Event "9th OHRA Open"]
[Site "Amsterdam NED"]
[Date "1990.07.30"]
[Round "1"]
[White "Tukmakov, Vladimir"]
[Black "Piket, Marcel"]
[Result "1-0"]
[WhiteElo "2520"]
[BlackElo "2350"]
[EventDate "1990.07.30"]
[PlyCount "83"]

1.d4 d6 2.Nf3 g6 3.g3 Bg7 4.Bg2 Nf6 5.O-O O-O 6.c4 Nc6 7.Nc3 Bf5 8.h3 Ne4 
9.Nd5 Bd7 10.Be3 e6 11.Nf4 f5 12.d5 e5 13.dxc6 exf4 14.cxb7 fxe3 15.Qd5+ 
Kh8 16.bxa8=Q exf2+ 17.Kh2 Qxa8 18.Qxa8 Rxa8 19.Ng5 Bxb2 20.Rad1 Ba4 21.
Rb1 Bd4 22.Nxe4 fxe4 23.Bxe4 Re8 24.Bf3 Bc2 25.Rb5 Bc5 26.Kg2 Bb6 27.Rxf2 
Bxf2 28.Kxf2 Re5 29.Bd5 Be4 30.Rb8+ Kg7 31.Rb7 Bxd5 32.cxd5 Rxd5 33.Rxc7+ 
Kf6 34.Rxa7 h5 35.a4 Rc5 36.a5 Rc3 37.h4 Ra3 38.a6 d5 39.Ra8 d4 40.a7 Kg7 
41.Ke1 Kh7 42.Kd2 1-0

[Event "9th OHRA Open"]
[Site "Amsterdam NED"]
[Date "1990.07.30"]
[Round "1"]
[White "Hansen, Curt"]
[Black "Van Riemsdijk, Herman Claudius"]
[Result "1/2-1/2"]
[WhiteElo "2560"]
[BlackElo "2440"]
[EventDate "1990.07.30"]
[PlyCount "59"]

1.c4 e6 2.g3 d5 3.Bg2 Nf6 4.Nf3 dxc4 5.Qc2 Nbd7 6.Qxc4 a6 7.Qc2 Bd6 8.Nc3 
O-O 9.d4 c5 10.O-O Qc7 11.dxc5 Nxc5 12.Bg5 Nce4 13.Rac1 Nxc3 14.Bxf6 gxf6 
15.Qxc3 Qxc3 16.Rxc3 Rd8 17.Rd1 Be7 18.Rxd8+ Bxd8 19.Nd2 Rb8 20.Rd3 Be7 
21.Nc4 b6 22.Bf3 a5 23.Rb3 Bb4 24.a3 b5 25.Nb6 Bc5 26.Nxc8 b4 27.axb4 axb4
28.Rd3 Rxc8 29.Rd7 Kf8 30.Bb7 1/2-1/2

[Event "9th OHRA Open"]
[Site "Amsterdam NED"]
[Date "1990.07.30"]
[Round "1"]
[White "Stohl, Igor"]
[Black "Van Wely, Loek"]
[Result "1-0"]
[WhiteElo "2525"]
[BlackElo "2400"]
[EventDate "1990.07.30"]
[PlyCount "79"]

1.d4 Nf6 2.c4 g6 3.g3 Bg7 4.Bg2 O-O 5.Nc3 d6 6.Nf3 Nbd7 7.O-O e5 8.e4 h6 
9.Rb1 Nh7 10.Be3 Ng5 11.Ne1 c5 12.dxc5 dxc5 13.Nd5 Ne6 14.Qd2 Kh7 15.Nd3 
Nd4 16.f4 exf4 17.gxf4 Nb6 18.Rbc1 Bg4 19.Rf2 Rc8 20.Nxc5 Rxc5 21.Bxd4 
Nxc4 22.Qc3 Rxd5 23.exd5 Bxd4 24.Qxd4 Nd6 25.Re1 a6 26.Rc2 h5 27.Rcc1 h4 
28.h3 Bf5 29.Kh2 Kg8 30.Bf3 Nb5 31.Qd2 Qb6 32.Bg4 Bxg4 33.hxg4 Nd4 34.Qf2 
Rd8 35.Rcd1 Rxd5 36.Re4 Nf3+ 37.Qxf3 Rxd1 38.Qxd1 Qf2+ 39.Kh1 h3 40.Qe2 
1-0

[Event "9th OHRA Open"]
[Site "Amsterdam NED"]
[Date "1990.07.30"]
[Round "1"]
[White "Psakhis, Lev"]
[Black "Serper, Grigory"]
[Result "1/2-1/2"]
[WhiteElo "2575"]
[BlackElo "2485"]
[EventDate "1990.07.30"]
[PlyCount "43"]

1.d4 Nf6 2.c4 e6 3.Nc3 Bb4 4.Qc2 c5 5.dxc5 O-O 6.a3 Bxc5 7.Nf3 b6 8.Bg5 h6
9.Bh4 Bb7 10.e3 Be7 11.Be2 Nc6 12.O-O Rc8 13.Rfd1 Nh5 14.Bxe7 Qxe7 15.b4 
Nf6 16.Rd2 Rfd8 17.Rad1 d6 18.h3 a6 19.Qb3 Qc7 20.Rc2 Ne7 21.Na4 Ng6 22.
Rdc1 1/2-1/2

[Event "9th OHRA Open"]
[Site "Amsterdam NED"]
[Date "1990.07.30"]
[Round "1"]
[White "Kuijf, Marinus"]
[Black "Fedorowicz, John"]
[Result "1/2-1/2"]
[WhiteElo "2445"]
[BlackElo "2565"]
[EventDate "1990.07.30"]
[PlyCount "84"]

1.e4 c5 2.Nf3 d6 3.c3 Nf6 4.Bd3 g6 5.O-O Bg7 6.Bb5+ Bd7 7.Bxd7+ Qxd7 8.Re1
Nc6 9.d4 cxd4 10.cxd4 d5 11.e5 Ne4 12.Nbd2 Nxd2 13.Bxd2 O-O 14.Be3 f6 15.
exf6 exf6 16.Rc1 Rac8 17.Qd2 g5 18.h3 h6 19.h4 Rfe8 20.hxg5 hxg5 21.Nh2 
Qf5 22.f3 Qg6 23.Ng4 Bf8 24.Bf2 Bd6 25.Rxe8+ Rxe8 26.Re1 Rxe1+ 27.Qxe1 Kf7
28.Qd1 Nb4 29.Ne3 Qd3 30.Qa4 Qb1+ 31.Nf1 Qxb2 32.Qd7+ Be7 33.Qxb7 Qxa2 34.
Ne3 Qa1+ 35.Kh2 Qa6 36.Qa8 Bd6+ 37.Bg3 Bxg3+ 38.Kxg3 Qd6+ 39.Kf2 Nd3+ 40.
Kg1 Qe6 41.Qxa7+ Kg6 42.Nf1 Qe1 1/2-1/2

[Event "9th OHRA Open"]
[Site "Amsterdam NED"]
[Date "1990.07.30"]
[Round "1"]
[White "Visser, Yge"]
[Black "Brenninkmeijer, Joris"]
[Result "1/2-1/2"]
[WhiteElo "2340"]
[BlackElo "2510"]
[EventDate "1990.07.30"]
[PlyCount "119"]

1.Nf3 d5 2.d4 Nf6 3.c4 c6 4.cxd5 cxd5 5.Nc3 Nc6 6.Bf4 Bf5 7.e3 e6 8.Qb3 
Bb4 9.Bb5 O-O 10.Bxc6 Bxc3+ 11.Qxc3 Rc8 12.Ne5 bxc6 13.Rc1 Ne4 14.Qa3 f6 
15.Nd3 g5 16.Bg3 Rf7 17.Nc5 Nxc5 18.Rxc5 Rb7 19.O-O Qb6 20.b3 Qd8 21.Rfc1 
Qd7 22.Qa6 Rb6 23.Qe2 Bg6 24.h3 Kg7 25.Ra5 Rb5 26.Rxb5 cxb5 27.Rxc8 Qxc8 
28.Qxb5 Be8 29.Qb4 Kf7 30.Bb8 a5 31.Qb6 a4 32.Bd6 axb3 33.axb3 Qc6 34.Qa7+
Qd7 35.Qa3 Qb5 36.Bf8 Qb7 37.Qc5 Qd7 38.b4 Qb7 39.Bd6 Qc6 40.Kf1 Qa6+ 41.
Kg1 Qc6 42.Qa7+ Qd7 43.Qb8 Qb5 44.Qc7+ Qd7 45.Qc5 Qc6 46.f4 Qxc5 47.dxc5 
Kg6 48.Kf2 h5 49.fxg5 Kxg5 50.Be7 e5 51.Bd8 Bb5 52.h4+ Kf5 53.Kf3 Bd7 54.
Kf2 Bb5 55.g3 Be8 56.Ke2 Bb5+ 57.Kf3 Bd7 58.Ke2 Bb5+ 59.Kd2 Kg6 60.Bc7 
1/2-1/2

[Event "9th OHRA Open"]
[Site "Amsterdam NED"]
[Date "1990.07.30"]
[Round "1"]
[White "Bertholee, Rob"]
[Black "Hellers, Ferdinand"]
[Result "0-1"]
[WhiteElo "2360"]
[BlackElo "2520"]
[EventDate "1990.07.30"]
[PlyCount "88"]

1.c4 Nf6 2.Nc3 g6 3.g3 Bg7 4.Bg2 O-O 5.Nf3 d5 6.cxd5 Nxd5 7.O-O Nc6 8.Nxd5
Qxd5 9.d3 Qb5 10.Rb1 a5 11.b3 a4 12.Bb2 Bxb2 13.Rxb2 Be6 14.Qc1 axb3 15.
axb3 Ra3 16.b4 Ra2 17.Qh6 f6 18.Rfb1 Rxb2 19.Rxb2 Ra8 20.h4 Ra4 21.Qe3 Bd5
22.Qc5 Qxc5 23.bxc5 Rb4 24.Rxb4 Nxb4 25.Nd2 Bxg2 26.Kxg2 Kf7 27.Kf3 e5 28.
Nb3 Nc6 29.e4 Nd4+ 30.Nxd4 exd4 31.Ke2 Ke6 32.Kd2 Kd7 33.Kc2 Kc6 34.f4 h5 
35.Kb3 Kxc5 36.Ka4 b6 37.Kb3 c6 38.Ka4 Kd6 39.Kb4 b5 40.Kb3 c5 41.Kb2 c4 
42.dxc4 bxc4 43.Kc2 c3 44.Kd3 Kc5 0-1

[Event "9th OHRA Open"]
[Site "Amsterdam NED"]
[Date "1990.07.30"]
[Round "1"]
[White "Nijboer, Friso"]
[Black "Dorfman, Iosif"]
[Result "0-1"]
[WhiteElo "2485"]
[BlackElo "2580"]
[EventDate "1990.07.30"]
[PlyCount "112"]

1.e4 e5 2.Nf3 Nc6 3.Bb5 a6 4.Ba4 Nf6 5.O-O Be7 6.Re1 b5 7.Bb3 d6 8.c3 O-O 
9.h3 Na5 10.Bc2 c5 11.d4 Bb7 12.Nbd2 cxd4 13.cxd4 exd4 14.Nxd4 g6 15.b3 
Re8 16.Bb2 Bf8 17.Nf1 Nc6 18.Nxc6 Bxc6 19.Ng3 Bg7 20.Qd2 Bb7 21.Rad1 Rc8 
22.Bb1 h5 23.Qg5 Nh7 24.Qxd8 Rexd8 25.Bxg7 Kxg7 26.Rd4 Ng5 27.Red1 Ne6 28.
R4d2 Nf8 29.Ne2 Ne6 30.f3 h4 31.Kf2 b4 32.a3 bxa3 33.Ra2 Rc6 34.Rxa3 Rb6 
35.Bd3 d5 36.exd5 Rxd5 37.Nc3 Rd4 38.Bc4 Rxd1 39.Nxd1 Rd6 40.Nc3 Rd2+ 41.
Ke3 Rxg2 42.Bd5 Bc8 43.Ra4 g5 44.Bxe6 Bxe6 45.Rxa6 Bxh3 46.Ra2 Rxa2 47.
Nxa2 Be6 48.Nc1 Bd5 49.Ne2 Bxb3 50.f4 f6 51.Nd4 Bd5 52.Kf2 Kf7 53.Nf5 Ba8 
54.Kg1 Kg6 55.Ne7+ Kh5 56.Ng8 Kg4 0-1

[Event "9th OHRA Open"]
[Site "Amsterdam NED"]
[Date "1990.07.30"]
[Round "1"]
[White "Dam, Ruurd"]
[Black "Uhlmann, Wolfgang"]
[Result "1/2-1/2"]
[WhiteElo "2270"]
[BlackElo "2505"]
[EventDate "1990.07.30"]
[PlyCount "72"]

1.e4 e6 2.d4 d5 3.Nd2 c5 4.exd5 exd5 5.Bb5+ Nc6 6.Ngf3 Bd6 7.dxc5 Bxc5 8.
O-O Ne7 9.Nb3 Bd6 10.Nbd4 O-O 11.Be3 Bg4 12.Be2 a6 13.c3 Bc7 14.h3 Bh5 15.
Qd2 Qd6 16.g3 Qd7 17.Kg2 Bg6 18.Nxc6 bxc6 19.Bd3 Nf5 20.Bc5 Rfe8 21.Rfe1 
a5 22.Rad1 Bd6 23.Bxd6 Nxd6 24.Ne5 Qb7 25.Nxg6 hxg6 26.Qf4 Red8 27.Rd2 c5 
28.Qf3 Re8 29.Rde2 Rxe2 30.Rxe2 c4 31.Bc2 Rd8 32.b3 Qc6 33.Rd2 Nb5 34.bxc4
Qxc4 35.Bb3 Qxc3 36.Rxd5 Qxf3+ 1/2-1/2

[Event "9th OHRA Open"]
[Site "Amsterdam NED"]
[Date "1990.07.31"]
[Round "2"]
[White "Uhlmann, Wolfgang"]
[Black "Visser, Yge"]
[Result "0-1"]
[WhiteElo "2505"]
[BlackElo "2340"]
[EventDate "1990.07.30"]
[PlyCount "124"]

1.c4 g6 2.e4 d6 3.d4 Nf6 4.Nc3 Bg7 5.Be2 O-O 6.Bg5 h6 7.Be3 c5 8.d5 e6 9.
Nf3 exd5 10.exd5 Ng4 11.Bd2 f5 12.O-O Nd7 13.Rb1 b6 14.b4 Nde5 15.bxc5 
bxc5 16.Qc1 g5 17.Nxe5 Bxe5 18.h3 Nf6 19.Bd3 Nh5 20.Re1 Qf6 21.Nb5 Rf7 22.
Bc3 Bxc3 23.Qxc3 Qxc3 24.Nxc3 Ng7 25.Rb3 Kf8 26.Reb1 a6 27.Rb8 Rxb8 28.
Rxb8 Rc7 29.Na4 Kf7 30.Nb6 Rb7 31.Rxc8 Rxb6 32.Ra8 f4 33.a4 Rb3 34.Bh7 Rc3
35.Ra7+ Kf6 36.Rxa6 Ke5 37.Ra7 Nf5 38.Ra8 Nd4 39.a5 Rxc4 40.Re8+ Kf6 41.a6
Ra4 42.Bd3 h5 43.Rg8 g4 44.Kh2 Ke5 45.Rh8 Kxd5 46.Rxh5+ Ke6 47.hxg4 c4 48.
Be4 c3 49.Rh8 Rxa6 50.Rc8 d5 51.Bd3 Rc6 52.Re8+ Kd7 53.Re1 c2 54.Rc1 Rc3 
55.Bh7 Ke6 56.g5 Kf7 57.f3 Kg7 58.Bxc2 Nxc2 59.g3 d4 60.gxf4 d3 61.Rb1 d2 
62.f5 Nb4 0-1

[Event "9th OHRA Open"]
[Site "Amsterdam NED"]
[Date "1990.07.31"]
[Round "2"]
[White "Piket, Jeroen"]
[Black "Dam, Ruurd"]
[Result "1-0"]
[WhiteElo "2495"]
[BlackElo "2270"]
[EventDate "1990.07.30"]
[PlyCount "53"]

1.d4 Nf6 2.Nf3 g6 3.c4 Bg7 4.Nc3 O-O 5.e4 d6 6.h3 e5 7.d5 Nbd7 8.Be3 Nc5 
9.Nd2 a5 10.g4 Ne8 11.Qe2 f5 12.gxf5 gxf5 13.O-O-O Ne6 14.dxe6 f4 15.Bc5 
dxc5 16.Nf3 Nd6 17.Rg1 Bxe6 18.Nxe5 Qe7 19.Qh5 Bf7 20.Nxf7 Nxf7 21.Nd5 Qd6
22.h4 Rae8 23.Bh3 c6 24.Bf5 Nh6 25.Nc7 Qe5 26.Rxg7+ Kxg7 27.Nxe8+ 1-0

[Event "9th OHRA Open"]
[Site "Amsterdam NED"]
[Date "1990.07.31"]
[Round "2"]
[White "Dorfman, Iosif"]
[Black "Stohl, Igor"]
[Result "1/2-1/2"]
[WhiteElo "2580"]
[BlackElo "2525"]
[EventDate "1990.07.30"]
[PlyCount "31"]

1.d4 Nf6 2.c4 g6 3.Nf3 Bg7 4.g3 O-O 5.Bg2 d5 6.cxd5 Nxd5 7.O-O Nb6 8.Nc3 
Nc6 9.d5 Na5 10.e4 c6 11.Bg5 h6 12.Bf4 cxd5 13.exd5 Nac4 14.Qe2 e5 15.Bc1 
Re8 16.Nd2 1/2-1/2

[Event "9th OHRA Open"]
[Site "Amsterdam NED"]
[Date "1990.07.31"]
[Round "2"]
[White "Van Wely, Loek"]
[Black "Bertholee, Rob"]
[Result "0-1"]
[WhiteElo "2400"]
[BlackElo "2360"]
[EventDate "1990.07.30"]
[PlyCount "65"]

1.d4 e6 2.c4 Bb4+ 3.Nc3 c5 4.Nf3 Nf6 5.g3 O-O 6.Bg2 cxd4 7.Nxd4 d5 8.cxd5 
Nxd5 9.Bd2 Nxc3 10.bxc3 Be7 11.Rb1 Qd7 12.O-O Na6 13.Be3 Rd8 14.Qc2 e5 15.
Nb5 Bc5 16.Rfd1 Qe7 17.Rxd8+ Qxd8 18.Rd1 Qe7 19.Qe4 Rb8 20.Nxa7 Bd7 21.Rd5
Bxe3 22.Qxe3 f6 23.Qb6 Be6 24.Ra5 Qd7 25.h4 Bc4 26.Kh2 Bxe2 27.Bd5+ Kh8 
28.c4 Nc7 29.Nc6 Re8 30.Qxb7 Qf5 31.Kg1 Nxd5 32.cxd5 Qh3 33.Qb1 0-1

[Event "9th OHRA Open"]
[Site "Amsterdam NED"]
[Date "1990.07.31"]
[Round "2"]
[White "Martens, Martin"]
[Black "Hansen, Curt"]
[Result "0-1"]
[WhiteElo "2325"]
[BlackElo "2560"]
[EventDate "1990.07.30"]
[PlyCount "46"]

1.e4 d6 2.d4 Nf6 3.Nc3 g6 4.Nf3 Bg7 5.h3 O-O 6.Be3 a6 7.a4 b6 8.Bc4 e6 9.
d5 exd5 10.exd5 Nbd7 11.O-O Re8 12.Nd4 Bb7 13.Re1 Ne4 14.Nde2 Qh4 15.Ba2 
Ndc5 16.a5 b5 17.Nxe4 Rxe4 18.c3 Rae8 19.Qd2 Rxe3 20.fxe3 Ne4 21.Qc1 Qf2+ 
22.Kh1 Be5 23.c4 Qxe2 0-1

[Event "9th OHRA Open"]
[Site "Amsterdam NED"]
[Date "1990.07.31"]
[Round "2"]
[White "Piket, Marcel"]
[Black "Nijboer, Friso"]
[Result "1/2-1/2"]
[WhiteElo "2350"]
[BlackElo "2485"]
[EventDate "1990.07.30"]
[PlyCount "38"]

1.d4 g6 2.e4 Bg7 3.Nc3 d6 4.Be3 c6 5.a4 Nf6 6.h3 O-O 7.Nf3 d5 8.e5 Ne4 9.
Bd3 Nxc3 10.bxc3 c5 11.O-O Nc6 12.Qd2 Qa5 13.Rfb1 cxd4 14.cxd4 Qxd2 15.
Bxd2 f6 16.Bb5 fxe5 17.Bxc6 bxc6 18.Nxe5 c5 19.c3 Bxe5 1/2-1/2

[Event "9th OHRA Open"]
[Site "Amsterdam NED"]
[Date "1990.08.01"]
[Round "3"]
[White "Tukmakov, Vladimir"]
[Black "Serper, Grigory"]
[Result "1-0"]
[WhiteElo "2520"]
[BlackElo "2485"]
[EventDate "1990.07.30"]
[PlyCount "61"]

1.d4 Nf6 2.c4 c6 3.Nc3 d5 4.e3 g6 5.Nf3 Bg7 6.Bd3 O-O 7.O-O e6 8.e4 dxe4 
9.Nxe4 Nxe4 10.Bxe4 Qc7 11.Bg5 Nd7 12.c5 e5 13.Be7 Re8 14.Bd6 Qa5 15.Qb3 
Qd8 16.Bd3 e4 17.Bc4 exf3 18.Bxf7+ Kh8 19.Bxe8 Qxe8 20.Rfe1 Qg8 21.Qxg8+ 
Kxg8 22.Re8+ Kf7 23.Re7+ Kg8 24.Re8+ Kf7 25.Rae1 Bf6 26.g4 a5 27.h3 h5 28.
Kh2 h4 29.R8e3 Bg5 30.Rxf3+ Nf6 31.Re5 {Ftacnik,L} 1-0

[Event "9th OHRA Open"]
[Site "Amsterdam NED"]
[Date "1990.08.01"]
[Round "3"]
[White "Anand, Viswanathan"]
[Black "Fedorowicz, John"]
[Result "0-1"]
[WhiteElo "2610"]
[BlackElo "2565"]
[EventDate "1990.07.30"]
[PlyCount "92"]

1.e4 c5 2.Nf3 d6 3.d4 cxd4 4.Nxd4 Nf6 5.Nc3 Nc6 6.f4 g6 7.Be2 Bg7 8.Be3 
O-O 9.Nb3 Be6 10.O-O Qc8 11.Kh1 Bg4 12.Bg1 Rd8 13.Nd5 Bxe2 14.Qxe2 e6 15.
Nxf6+ Bxf6 16.c3 Bg7 17.Rad1 Rb8 18.Bf2 b5 19.Bh4 Rd7 20.Rd3 a5 21.Qd1 Bf8
22.Bf6 a4 23.Nc5 Ra7 24.Rxd6 Bxd6 25.Qxd6 Na5 26.f5 Nc4 27.Qg3 Rba8 28.
Nxe6 fxe6 29.fxg6 h6 30.Qh3 Rg7 31.Bxg7 Kxg7 32.Rf7+ Kxg6 33.Re7 Kf6 34.
Qh4+ Ke5 35.Rf7 Kd6 36.e5+ Kc6 37.Qe4+ Kb6 38.h3 Qc6 39.Qd4+ Ka6 40.Rd7 
Qb6 41.Qxb6+ Kxb6 42.b3 axb3 43.axb3 Nxe5 44.Rd6+ Nc6 45.Rxe6 Ra3 46.Rxh6 
Rxb3 0-1

[Event "9th OHRA Open"]
[Site "Amsterdam NED"]
[Date "1990.08.01"]
[Round "3"]
[White "Stohl, Igor"]
[Black "Psakhis, Lev"]
[Result "1-0"]
[WhiteElo "2525"]
[BlackElo "2575"]
[EventDate "1990.07.30"]
[PlyCount "75"]

1.d4 Nf6 2.c4 e6 3.Nc3 Bb4 4.Qc2 O-O 5.a3 Bxc3+ 6.Qxc3 b6 7.Bg5 Bb7 8.Nh3 
h6 9.Bh4 d5 10.cxd5 exd5 11.e3 c5 12.dxc5 g5 13.Bg3 d4 14.Qxd4 Qxd4 15.
exd4 Re8+ 16.Be5 Nbd7 17.O-O-O Nxe5 18.dxe5 Rxe5 19.cxb6 Be4 20.b4 axb6 
21.Kb2 Rc8 22.Ba6 Rc2+ 23.Kb3 Rc7 24.Rhe1 b5 25.Rc1 Bxg2 26.Rxe5 Rxc1 27.
Nxg5 Rb1+ 28.Kc2 Rh1 29.Rf5 Ne4 30.Nxf7 Kg7 31.f3 Nf6 32.Nd6 Rxh2 33.Kb3 
h5 34.Bxb5 h4 35.Rg5+ Kf8 36.Rg6 Nh5 37.Nf5 Bxf3 38.Bc4 {Stohl,I} 1-0

[Event "9th OHRA Open"]
[Site "Amsterdam NED"]
[Date "1990.08.01"]
[Round "3"]
[White "Kuijf, Marinus"]
[Black "Brenninkmeijer, Joris"]
[Result "0-1"]
[WhiteElo "2445"]
[BlackElo "2510"]
[EventDate "1990.07.30"]
[PlyCount "55"]

1.d4 Nf6 2.Nf3 e6 3.Bg5 c5 4.e3 Be7 5.Nbd2 O-O 6.c3 cxd4 7.exd4 b6 8.Bd3 
Bb7 9.O-O Nc6 10.Qc2 h6 11.Bxf6 Bxf6 12.Ne4 Be7 13.Qe2 Qc7 14.Rae1 Rae8 
15.Ng3 Bd6 16.Ne5 Ne7 17.Nh5 f5 18.Qe3 Bxe5 19.dxe5 Rc8 20.Qg3 Rf7 21.Re2 
Qc6 22.Rd1 f4 23.Qg4 Qxg2+ 24.Qxg2 Bxg2 25.Be4 Bxe4 26.Rxe4 Ng6 27.Rd3 Rf5
28.Rh3 0-1

[Event "9th OHRA Open"]
[Site "Amsterdam NED"]
[Date "1990.08.01"]
[Round "3"]
[White "Visser, Yge"]
[Black "Dorfman, Iosif"]
[Result "1/2-1/2"]
[WhiteElo "2340"]
[BlackElo "2580"]
[EventDate "1990.07.30"]
[PlyCount "36"]

1.Nf3 c5 2.g3 b6 3.Bg2 Bb7 4.O-O g6 5.d3 Bg7 6.e4 e6 7.Re1 Ne7 8.c3 d6 9.
d4 O-O 10.dxc5 dxc5 11.Nbd2 Qd3 12.Bf1 Qd7 13.Qe2 Ba6 14.Nc4 Qa4 15.Qd1 
Qxd1 16.Rxd1 Nbc6 17.Bf4 h6 18.h4 Rad8 1/2-1/2

[Event "9th OHRA Open"]
[Site "Amsterdam NED"]
[Date "1990.08.01"]
[Round "3"]
[White "Nijboer, Friso"]
[Black "Uhlmann, Wolfgang"]
[Result "0-1"]
[WhiteElo "2485"]
[BlackElo "2505"]
[EventDate "1990.07.30"]
[PlyCount "98"]

1.e4 e6 2.d4 d5 3.Nd2 c5 4.exd5 exd5 5.Ngf3 Nc6 6.Be2 cxd4 7.O-O Be7 8.Nb3
Bf6 9.Nbxd4 Nge7 10.c3 O-O 11.Bf4 Bg4 12.h3 Bh5 13.Nb5 Bg6 14.Nd6 Qb6 15.
Qb3 d4 16.cxd4 Nxd4 17.Nxd4 Qxd4 18.Qc4 Nd5 19.Bg3 Qxb2 20.Bf3 Nc3 21.a4 
Rad8 22.Rfe1 h5 23.h4 b6 24.Rac1 Qa3 25.Qc6 Na2 26.Rcd1 Nb4 27.Qb5 Nc2 28.
Re4 Qc5 29.Qxc5 bxc5 30.Rc4 Nd4 31.Rxc5 Nxf3+ 32.gxf3 Rd7 33.Re1 Rfd8 34.
Ne4 Be7 35.Rc4 f6 36.Nc3 Bf7 37.Rc6 Bb4 38.Rb1 a5 39.Bf4 Rd3 40.Bc7 Rc8 
41.Nb5 Rxf3 42.Nd4 Bd5 43.Rcc1 Rh3 44.Bh2 Re8 45.Nf5 Be4 46.Rxb4 axb4 47.
Nd6 b3 48.Rc5 b2 49.Rb5 Bc6 0-1

[Event "9th OHRA Open"]
[Site "Amsterdam NED"]
[Date "1990.08.01"]
[Round "3"]
[White "Van Wely, Loek"]
[Black "Martens, Martin"]
[Result "0-1"]
[WhiteElo "2400"]
[BlackElo "2325"]
[EventDate "1990.07.30"]
[PlyCount "84"]

1.d4 Nf6 2.Nf3 e6 3.g3 c5 4.Bg2 Nc6 5.O-O d5 6.c4 Be7 7.cxd5 Nxd5 8.dxc5 
Bxc5 9.a3 Be7 10.b4 Bf6 11.Ra2 O-O 12.Qb3 Bd7 13.Rd1 Qe7 14.b5 Ne5 15.Nxe5
Bxe5 16.e4 Nf6 17.Nd2 Bd4 18.Nf3 Bc5 19.Ne5 Rfd8 20.a4 Be8 21.Nd3 Bd4 22.
Ba3 Qc7 23.Qb4 Kh8 24.Rc1 Qb6 25.e5 Ng8 26.Rc4 a5 27.Qe1 f6 28.exf6 Bxf6 
29.Nc5 Rab8 30.Nxe6 Bf7 31.Re2 Rdc8 32.Rc5 Re8 33.Bh3 Qd6 34.Re3 Bxe6 35.
Bxe6 Bd4 36.Rf5 Qb6 37.Re2 Nf6 38.h3 Rbd8 39.Bf7 Rxe2 40.Qxe2 Qc7 41.Bd5 
Qxg3+ 42.Bg2 Qxa3 0-1

[Event "9th OHRA Open"]
[Site "Amsterdam NED"]
[Date "1990.08.01"]
[Round "3"]
[White "Dam, Ruurd"]
[Black "Piket, Marcel"]
[Result "0-1"]
[WhiteElo "2270"]
[BlackElo "2350"]
[EventDate "1990.07.30"]
[PlyCount "76"]

1.e4 d6 2.d4 Nf6 3.Nc3 g6 4.f4 Bg7 5.Nf3 O-O 6.Bd3 Na6 7.e5 Ng4 8.h3 Nh6 
9.Ne4 Nb4 10.Be3 Nxd3+ 11.Qxd3 Bf5 12.g4 d5 13.gxf5 dxe4 14.Qxe4 Nxf5 15.
Bf2 e6 16.c4 c6 17.O-O Qe7 18.c5 Qd7 19.Nd2 Qd5 20.Qxd5 exd5 21.Kg2 Bh6 
22.Kf3 f6 23.Nb3 fxe5 24.dxe5 Rf7 25.Rae1 Raf8 26.e6 Re7 27.Re5 Ng7 28.Bg3
Rxe6 29.Rfe1 Ref6 30.Re7 Bxf4 31.Bxf4 Rxf4+ 32.Kg2 Rf2+ 33.Kg1 Rxb2 34.
Rxb7 Nf5 35.Rxa7 Nh4 36.Nd4 Rg2+ 37.Kh1 Rd2 38.Ne6 Nf3 0-1

[Event "9th OHRA Open"]
[Site "Amsterdam NED"]
[Date "1990.08.02"]
[Round "4"]
[White "Fedorowicz, John"]
[Black "Stohl, Igor"]
[Result "1/2-1/2"]
[WhiteElo "2565"]
[BlackElo "2525"]
[EventDate "1990.07.30"]
[PlyCount "27"]

1.d4 Nf6 2.c4 g6 3.g3 Bg7 4.Bg2 O-O 5.Nc3 Nc6 6.Nf3 d5 7.cxd5 Nxd5 8.O-O 
Nb6 9.e3 Re8 10.Re1 e5 11.d5 Ne7 12.e4 Bg4 13.a4 c6 14.a5 1/2-1/2

[Event "9th OHRA Open"]
[Site "Amsterdam NED"]
[Date "1990.08.02"]
[Round "4"]
[White "Hellers, Ferdinand"]
[Black "Martens, Martin"]
[Result "1-0"]
[WhiteElo "2520"]
[BlackElo "2325"]
[EventDate "1990.07.30"]
[PlyCount "103"]

1.e4 c5 2.Nf3 e6 3.d4 cxd4 4.Nxd4 Nf6 5.Nc3 d6 6.g4 Be7 7.g5 Nfd7 8.Be3 
Nc6 9.h4 O-O 10.Qd2 a6 11.O-O-O Nxd4 12.Qxd4 b5 13.Rg1 Rb8 14.h5 b4 15.Ne2
e5 16.Qd2 Nc5 17.f3 Be6 18.Kb1 Qc7 19.Nc1 Na4 20.Nb3 a5 21.g6 Rfc8 22.Ba6 
Rd8 23.gxh7+ Kh8 24.Qg2 Bf6 25.Bg5 Qe7 26.Bh4 Rd7 27.Qg3 Ra7 28.Rxd6 Nb6 
29.Be2 a4 30.Bxf6 Qxf6 31.Nc5 b3 32.cxb3 axb3 33.a3 Na4 34.Nxe6 fxe6 35.
Qg6 Qf4 36.Rgd1 Qh4 37.Rd7 Rxd7 38.Rxd7 Qf6 39.Qxf6 gxf6 40.Bc4 Nb6 41.Rc7
Nxc4 42.Rxc4 Rd8 43.Kc1 Kxh7 44.Rc3 Rb8 45.Kd2 Kh6 46.Rc6 Kxh5 47.Ke3 Kg5 
48.Rxe6 Rb5 49.Rc6 f5 50.exf5 Kxf5 51.Rc4 Ke6 52.Rb4 1-0

[Event "9th OHRA Open"]
[Site "Amsterdam NED"]
[Date "1990.08.02"]
[Round "4"]
[White "Uhlmann, Wolfgang"]
[Black "Anand, Viswanathan"]
[Result "1-0"]
[WhiteElo "2505"]
[BlackElo "2610"]
[EventDate "1990.07.30"]
[PlyCount "61"]

1.c4 Nc6 2.d4 e5 3.d5 Nce7 4.Nc3 Ng6 5.e4 Nf6 6.Nf3 Bb4 7.Qc2 Bxc3+ 8.bxc3
d6 9.h4 h6 10.g3 O-O 11.h5 Ne7 12.Nh4 c6 13.Be2 b5 14.dxc6 bxc4 15.O-O Be6
16.Rd1 Qc7 17.Ba3 Rfd8 18.Rd2 Qxc6 19.Rad1 Nc8 20.Bf3 Rb8 21.Ng2 Bf5 22.
Rd5 Nxd5 23.exf5 Nce7 24.f6 gxf6 25.Rxd5 Nxd5 26.Qd2 Rb5 27.Qxh6 Ne3 28.
Qxe3 d5 29.Qh6 Rb1+ 30.Kh2 Rf1 31.Be7 1-0

[Event "9th OHRA Open"]
[Site "Amsterdam NED"]
[Date "1990.08.02"]
[Round "4"]
[White "Piket, Jeroen"]
[Black "Tukmakov, Vladimir"]
[Result "0-1"]
[WhiteElo "2495"]
[BlackElo "2520"]
[EventDate "1990.07.30"]
[PlyCount "126"]

1.d4 Nf6 2.c4 g6 3.Nc3 d5 4.Bf4 Bg7 5.e3 c5 6.dxc5 Qa5 7.Qb3 dxc4 8.Bxc4 
O-O 9.Nf3 Ne4 10.O-O Nxc5 11.Qc2 Nc6 12.Rac1 Nb4 13.Qe2 Be6 14.a3 Bxc4 15.
Qxc4 Nbd3 16.b4 Qa6 17.Nb5 Nxc1 18.bxc5 Na2 19.Qb3 Rac8 20.Nc7 Rxc7 21.
Bxc7 Nc3 22.Re1 Qb5 23.Qxb5 Nxb5 24.Be5 Rc8 25.a4 Bxe5 26.Nxe5 Rxc5 27.Nd3
Rc3 28.axb5 Rxd3 29.Ra1 Rb3 30.h4 Rxb5 31.Rxa7 Kg7 32.g3 h5 33.Kg2 Rb2 34.
Ra8 Rd2 35.Rb8 Rd7 36.Kf3 Kf6 37.g4 hxg4+ 38.Kxg4 Ke5 39.Rf8 e6 40.f3 Kd5 
41.e4+ Kd4 42.Kg5 Rc7 43.Kf6 b5 44.Rd8+ Kc3 45.f4 b4 46.f5 exf5 47.exf5 
Rc6+ 48.Kg7 gxf5 49.h5 b3 50.h6 Rg6+ 51.Kh7 Rb6 52.Kg7 Rg6+ 53.Kh7 b2 54.
Rc8+ Kd3 55.Rb8 Kc2 56.Rc8+ Kb3 57.Rb8+ Ka2 58.Ra8+ Kb3 59.Rb8+ Ka2 60.
Ra8+ Kb1 61.Rc8 Rg3 62.Kh8 Ka2 63.h7 b1=Q 0-1

[Event "9th OHRA Open"]
[Site "Amsterdam NED"]
[Date "1990.08.02"]
[Round "4"]
[White "Serper, Grigory"]
[Black "Bertholee, Rob"]
[Result "1-0"]
[WhiteElo "2485"]
[BlackElo "2360"]
[EventDate "1990.07.30"]
[PlyCount "103"]

1.c4 Nf6 2.Nc3 c6 3.d4 d5 4.e3 g6 5.Nf3 Bg7 6.Bd3 O-O 7.O-O Bg4 8.h3 Bxf3 
9.Qxf3 e6 10.Rd1 Nbd7 11.b3 Re8 12.Bb2 Qe7 13.Qe2 dxc4 14.Bxc4 Nd5 15.Rac1
Nxc3 16.Bxc3 Nb6 17.Bd3 Nd5 18.Be1 e5 19.dxe5 Qxe5 20.Qf3 Qf6 21.Be4 Nb6 
22.Qxf6 Bxf6 23.Bf3 Rad8 24.Kf1 Bb2 25.Rb1 Be5 26.a4 Nd5 27.Rd3 Rd6 28.b4 
Red8 29.b5 R8d7 30.a5 c5 31.Rbd1 Nb4 32.Rxd6 Bxd6 33.Bc3 Kf8 34.Bf6 Ke8 
35.Bg4 c4 36.Bxd7+ Kxd7 37.Rc1 Nd5 38.Bd4 Bb4 39.Rxc4 Bxa5 40.Bxa7 b6 41.
Bb8 Nc3 42.Rc7+ Ke6 43.Rb7 Nxb5 44.Bc7 Kd5 45.Bxb6 Kc6 46.Rxf7 Bxb6 47.
Rxh7 g5 48.Rh8 Nd6 49.Rg8 Ne4 50.Rg6+ Kc7 51.Re6 Nd2+ 52.Ke2 1-0

[Event "9th OHRA Open"]
[Site "Amsterdam NED"]
[Date "1990.08.02"]
[Round "4"]
[White "Dorfman, Iosif"]
[Black "Hansen, Curt"]
[Result "1/2-1/2"]
[WhiteElo "2580"]
[BlackElo "2560"]
[EventDate "1990.07.30"]
[PlyCount "128"]

1.c4 e5 2.Nc3 Nf6 3.Nf3 Nc6 4.e3 Bb4 5.Qc2 O-O 6.Nd5 a5 7.a3 Bc5 8.Be2 h6 
9.O-O d6 10.Nc3 Bg4 11.h3 Bh5 12.d3 Re8 13.b3 Qd7 14.Bb2 Ne7 15.Rad1 Bg6 
16.Qc1 c6 17.d4 exd4 18.Nxd4 Qc7 19.Bf3 Rad8 20.Nce2 Nd7 21.Ng3 Bb6 22.Be4
Bxe4 23.Nxe4 Bxd4 24.Bxd4 Nf5 25.Qc2 Nxd4 26.Rxd4 Nc5 27.Ng3 Ne6 28.Rd2 d5
29.cxd5 Rxd5 30.Rxd5 cxd5 31.Qxc7 Nxc7 32.Rd1 g6 33.Ne2 Kf8 34.Nc3 Rd8 35.
Rd4 Ke7 36.b4 b6 37.g4 Ke6 38.Kg2 axb4 39.Rxb4 Rd6 40.Ne2 Kd7 41.h4 Ne6 
42.h5 gxh5 43.gxh5 Ke7 44.Nc3 d4 45.exd4 Nxd4 46.Rxb6 Rxb6 47.Nd5+ Ke6 48.
Nxb6 Kf5 49.Nc4 Kg4 50.Ne5+ Kxh5 51.Nxf7 Kg6 52.Ne5+ Kf5 53.Nf3 Ne6 54.Kg3
Ke4 55.Ne1 Kd4 56.f4 Kc3 57.f5 Ng7 58.Kf4 Kb3 59.Nc2 Ne8 60.Ke5 h5 61.Kf4 
h4 62.Nd4+ Kxa3 63.Kg4 h3 64.Kxh3 Nd6 1/2-1/2